<?xml version="1.0" encoding="UTF-8"?>
<record
    xmlns:xsi="http://www.w3.org/2001/XMLSchema-instance"
    xsi:schemaLocation="http://www.loc.gov/MARC21/slim http://www.loc.gov/standards/marcxml/schema/MARC21slim.xsd"
    xmlns="http://www.loc.gov/MARC21/slim">

  <leader>01728nam a22003015a 4500</leader>
  <controlfield tag="003">OSt</controlfield>
  <controlfield tag="005">20170326125838.0</controlfield>
  <controlfield tag="008">170313s2014    ua     frb    000 0 ara d</controlfield>
  <datafield tag="015" ind1=" " ind2=" ">
    <subfield code="a">2014 / 21068</subfield>
  </datafield>
  <datafield tag="020" ind1=" " ind2=" ">
    <subfield code="a">9789770476567</subfield>
  </datafield>
  <datafield tag="040" ind1=" " ind2=" ">
    <subfield code="a">EG-ScBUE</subfield>
    <subfield code="b">ara</subfield>
    <subfield code="c">EG-ScBUE</subfield>
  </datafield>
  <datafield tag="043" ind1=" " ind2=" ">
    <subfield code="a">f-ua---</subfield>
  </datafield>
  <datafield tag="082" ind1="0" ind2="4">
    <subfield code="a">342.62085</subfield>
    <subfield code="b">&#x645; &#x635; &#x631;</subfield>
    <subfield code="2">22</subfield>
  </datafield>
  <datafield tag="100" ind1="1" ind2=" ">
    <subfield code="a">&#x645;&#x635;&#x631;&#x64A;&#x60C; &#x62D;&#x627;&#x632;&#x645; &#x628;&#x64A;&#x648;&#x645;&#x64A;.</subfield>
  </datafield>
  <datafield tag="245" ind1="1" ind2="2">
    <subfield code="a">&#x627;&#x644;&#x648;&#x62C;&#x64A;&#x632; &#x641;&#x64A; &#x623;&#x62D;&#x643;&#x627;&#x645; &#x627;&#x644;&#x645;&#x62D;&#x643;&#x645;&#x629; &#x627;&#x644;&#x62F;&#x633;&#x62A;&#x648;&#x631;&#x64A;&#x629; &#x627;&#x644;&#x639;&#x644;&#x64A;&#x627; &#x641;&#x64A; &#x627;&#x644;&#x62D;&#x642;&#x648;&#x642; &#x648;&#x627;&#x644;&#x62D;&#x631;&#x64A;&#x627;&#x62A; :</subfield>
    <subfield code="b">&#x627;&#x644;&#x636;&#x648;&#x627;&#x628;&#x637; &#x648;&#x627;&#x644;&#x62D;&#x62F;&#x648;&#x62F; /</subfield>
    <subfield code="c">&#x62D;&#x627;&#x632;&#x645; &#x628;&#x64A;&#x648;&#x645;&#x64A; &#x627;&#x644;&#x645;&#x635;&#x631;&#x64A;.</subfield>
  </datafield>
  <datafield tag="250" ind1=" " ind2=" ">
    <subfield code="a">&#x637;. 1.</subfield>
  </datafield>
  <datafield tag="260" ind1=" " ind2=" ">
    <subfield code="a">&#x627;&#x644;&#x642;&#x627;&#x647;&#x631;&#x629; :</subfield>
    <subfield code="b">&#x62F;&#x627;&#x631; &#x627;&#x644;&#x646;&#x647;&#x636;&#x629; &#x627;&#x644;&#x639;&#x631;&#x628;&#x64A;&#x629;&#x60C;</subfield>
    <subfield code="c">2014.</subfield>
  </datafield>
  <datafield tag="300" ind1=" " ind2=" ">
    <subfield code="a">207 &#x635;. &#x61B;</subfield>
    <subfield code="c">24 &#x633;&#x645;.</subfield>
  </datafield>
  <datafield tag="504" ind1=" " ind2=" ">
    <subfield code="a">&#x64A;&#x634;&#x62A;&#x645;&#x644; &#x639;&#x644;&#x649; &#x625;&#x631;&#x62C;&#x627;&#x639;&#x627;&#x62A; &#x628;&#x628;&#x644;&#x64A;&#x648;&#x62C;&#x631;&#x627;&#x641;&#x64A;&#x629;.</subfield>
  </datafield>
  <datafield tag="505" ind1="0" ind2=" ">
    <subfield code="a">&#x62D;&#x642; &#x627;&#x644;&#x62A;&#x642;&#x627;&#x636;&#x64A; - &#x62D;&#x642; &#x627;&#x644;&#x62F;&#x641;&#x627;&#x639; - &#x627;&#x644;&#x62D;&#x642; &#x641;&#x64A; &#x645;&#x62D;&#x627;&#x643;&#x645;&#x629; &#x639;&#x627;&#x62F;&#x644;&#x629; - &#x627;&#x644;&#x62D;&#x642; &#x641;&#x64A; &#x627;&#x644;&#x646;&#x642;&#x62F; - &#x627;&#x644;&#x62D;&#x642; &#x641;&#x64A; &#x627;&#x62E;&#x62A;&#x64A;&#x627;&#x631; &#x627;&#x644;&#x632;&#x648;&#x62C; - &#x627;&#x644;&#x62D;&#x642; &#x641;&#x64A; &#x627;&#x644;&#x62D;&#x636;&#x627;&#x646;&#x629; - &#x627;&#x644;&#x62D;&#x642; &#x641;&#x64A; &#x627;&#x644;&#x625;&#x631;&#x62B; - &#x627;&#x644;&#x62D;&#x642; &#x641;&#x64A; &#x627;&#x644;&#x62A;&#x646;&#x645;&#x64A;&#x629; - &#x627;&#x644;&#x62D;&#x642; &#x641;&#x64A; &#x627;&#x644;&#x645;&#x624;&#x644;&#x641; - &#x627;&#x644;&#x62D;&#x631;&#x64A;&#x627;&#x62A; &#x627;&#x644;&#x634;&#x62E;&#x635;&#x64A;&#x629; - &#x62D;&#x631;&#x64A;&#x629; &#x627;&#x644;&#x631;&#x623;&#x64A; &#x648;&#x627;&#x644;&#x627;&#x62C;&#x62A;&#x645;&#x627;&#x639; - &#x62D;&#x631;&#x64A;&#x629; &#x627;&#x644;&#x635;&#x62D;&#x627;&#x641;&#x629; - &#x62D;&#x631;&#x64A;&#x629; &#x627;&#x644;&#x639;&#x642;&#x64A;&#x62F;&#x629; - &#x62D;&#x631;&#x64A;&#x629; &#x627;&#x644;&#x628;&#x62D;&#x62B; &#x627;&#x644;&#x639;&#x644;&#x645;&#x64A; - &#x62D;&#x631;&#x64A;&#x629; &#x627;&#x644;&#x625;&#x642;&#x627;&#x645;&#x629; &#x648;&#x627;&#x644;&#x62A;&#x646;&#x642;&#x644; - &#x62D;&#x631;&#x64A;&#x629; &#x625;&#x646;&#x634;&#x627;&#x621; &#x646;&#x642;&#x627;&#x628;&#x627;&#x62A; - &#x627;&#x644;&#x62D;&#x642; &#x641;&#x64A; &#x627;&#x644;&#x627;&#x646;&#x62A;&#x62E;&#x627;&#x628;&#x627;&#x62A;.</subfield>
  </datafield>
  <datafield tag="610" ind1="1" ind2="7">
    <subfield code="a"> &#x645;&#x635;&#x631;.</subfield>
    <subfield code="b">&#x627;&#x644;&#x645;&#x62D;&#x643;&#x645;&#x629; &#x627;&#x644;&#x62F;&#x633;&#x62A;&#x648;&#x631;&#x64A;&#x629; &#x627;&#x644;&#x639;&#x644;&#x64A;&#x627;.</subfield>
    <subfield code="2">BUEsh</subfield>
    <subfield code="9">41178</subfield>
  </datafield>
  <datafield tag="650" ind1=" " ind2="7">
    <subfield code="a">&#x62D;&#x642;&#x648;&#x642; &#x627;&#x644;&#x625;&#x646;&#x633;&#x627;&#x646;</subfield>
    <subfield code="x">&#x642;&#x648;&#x627;&#x646;&#x64A;&#x646; &#x648;&#x62A;&#x634;&#x631;&#x64A;&#x639;&#x627;&#x62A;</subfield>
    <subfield code="z">&#x645;&#x635;&#x631;.</subfield>
    <subfield code="2">BUEsh</subfield>
    <subfield code="9">22148</subfield>
  </datafield>
  <datafield tag="650" ind1=" " ind2="7">
    <subfield code="a">&#x627;&#x644;&#x62D;&#x631;&#x64A;&#x629; </subfield>
    <subfield code="x">&#x642;&#x648;&#x627;&#x646;&#x64A;&#x646; &#x648;&#x62A;&#x634;&#x631;&#x64A;&#x639;&#x627;&#x62A;</subfield>
    <subfield code="z">&#x645;&#x635;&#x631;.</subfield>
    <subfield code="2">BUEsh</subfield>
  </datafield>
  <datafield tag="650" ind1=" " ind2="7">
    <subfield code="a">&#x627;&#x644;&#x645;&#x62D;&#x627;&#x643;&#x645; &#x627;&#x644;&#x62F;&#x633;&#x62A;&#x648;&#x631;&#x64A;&#x629;</subfield>
    <subfield code="z">&#x645;&#x635;&#x631;.</subfield>
    <subfield code="2">BUEsh</subfield>
  </datafield>
  <datafield tag="651" ind1=" " ind2=" ">
    <subfield code="2">BUEsh</subfield>
  </datafield>
  <datafield tag="653" ind1=" " ind2=" ">
    <subfield code="b">LLAAWW</subfield>
    <subfield code="c">March2017</subfield>
  </datafield>
  <datafield tag="942" ind1=" " ind2=" ">
    <subfield code="2">ddc</subfield>
  </datafield>
  <datafield tag="999" ind1=" " ind2=" ">
    <subfield code="c">24518</subfield>
    <subfield code="d">24490</subfield>
  </datafield>
  <datafield tag="952" ind1=" " ind2=" ">
    <subfield code="0">0</subfield>
    <subfield code="1">0</subfield>
    <subfield code="2">ddc</subfield>
    <subfield code="4">0</subfield>
    <subfield code="7">0</subfield>
    <subfield code="8">DarN.AR.</subfield>
    <subfield code="a">MAIN</subfield>
    <subfield code="b">MAIN</subfield>
    <subfield code="c">1ST</subfield>
    <subfield code="d">2017-03-23</subfield>
    <subfield code="e">Purchase</subfield>
    <subfield code="g">45.00</subfield>
    <subfield code="h">2815</subfield>
    <subfield code="o">342.62085 &#x645; &#x635; &#x631;</subfield>
    <subfield code="p">000045900</subfield>
    <subfield code="r">2025-07-15 00:00:00</subfield>
    <subfield code="s">2017-04-26</subfield>
    <subfield code="v">56.25</subfield>
    <subfield code="y">BB</subfield>
  </datafield>
  <datafield tag="952" ind1=" " ind2=" ">
    <subfield code="0">0</subfield>
    <subfield code="1">0</subfield>
    <subfield code="2">ddc</subfield>
    <subfield code="4">0</subfield>
    <subfield code="7">0</subfield>
    <subfield code="8">DarN.AR.</subfield>
    <subfield code="a">MAIN</subfield>
    <subfield code="b">MAIN</subfield>
    <subfield code="c">1ST</subfield>
    <subfield code="d">2017-03-23</subfield>
    <subfield code="e">Purchase</subfield>
    <subfield code="g">45.00</subfield>
    <subfield code="h">2815</subfield>
    <subfield code="o">342.62085 &#x645; &#x635; &#x631;</subfield>
    <subfield code="p">000045901</subfield>
    <subfield code="r">2025-07-15 00:00:00</subfield>
    <subfield code="s">2017-05-03</subfield>
    <subfield code="v">56.25</subfield>
    <subfield code="y">BB</subfield>
  </datafield>
</record>
